Majetková základňa municipality/VÚC ako kľúčový predpoklad existencie a fungovania samosprávy diplomová práca

Salvato in:
Dettagli Bibliografici
Autore principale: Soósová, Nikoleta
Ente Autore: Národohospodárska fakulta EU. Katedra financií
Altri autori: Neupauerová, Zuzana
Natura: Libro
Lingua:slovacco
Pubblicazione: Bratislava 2014
Tags: Aggiungi Tag
Nessun Tag, puoi essere il primo ad aggiungerne!!

MARC

LEADER 00000nbm a2200000 4500
001 0187294
005 20170201085527.6
041 0 |a slo 
044 |a SK 
245 1 0 |a Majetková základňa municipality/VÚC ako kľúčový predpoklad existencie a fungovania samosprávy  |b diplomová práca  |c Nikoleta Soósová ; školiteľ: Zuzana Neupauerová 
264 1 |a Bratislava  |c 2014 
300 |a 74 s. 
100 1 |a Soósová, Nikoleta 
700 1 |a Neupauerová, Zuzana 
710 2 |a Národohospodárska fakulta EU. Katedra financií